Nombre de coupe par équipe NBA - Statistiques

Statistiques générales
  • Ce quiz a été pris 128 fois
  • Le résultat moyen est 31 sur 31
Statistiques - réponses
Equipe Finales perdus Nombre de coupe % Correct
Miami Heat 4 3
100%
Minnesota Timberwolves 0 0
99%
Charlotte Hornets 0 0
99%
Phoenix Suns 3 0
99%
Brooklyn Nets 0 0
99%
Memphis Grizzlies 0 0
99%
L.A. Clippers 0 0
99%
Utah Jazz 2 0
99%
Indiana Pacers 1 0
99%
Orlando Magic 2 0
99%
Sacramento Kings/Royals 0 1
99%
Portland Trail Blazers 2 1
99%
Atlanta Hawks 3 1
99%
Denver Nuggets 0 1
99%
Washington Wizards/Bullets 3 1
99%
Toronto Raptors 0 1
99%
Dallas Mavericks 1 1
99%
OKC/Seattle SuperSonics 3 1
99%
Cleveland Cavaliers 4 1
99%
Boston Celtics 5 17
99%
Milwaukee Bucks 1 2
99%
NY Knicks 6 2
99%
Houston Rockets 2 2
99%
Philadelphia 76ers 6 3
99%
Detroit Pistons 4 3
99%
San Antonio Spurs 1 5
99%
Chicago Bulls 0 6
99%
New Orleans Pelicans 0 0
98%
Baltimore Bullets 0 1
98%
Golden State Warriors 5 7
98%
L.A. Lakers (In-season tournament) 15 18
82%
Aucun quiz correspondant
Distribution des résultats
% des personnes avec chaque résultat
Percentile par nombre de réponses
Votre historique - résultats
Vous n’avez pas pris ce quiz